Biblioteca

Christology and ecclesiology in a world of oppression (Registro nro. 70477)

Detalles MARC
000 -LÍDER
Campo fijo de descripción fija 01637nab a2200241 i 4500
001 - NÚMERO DE CONTROL
Campo de control 768714001
003 - IDENTIFICADOR DEL NÚMERO DE CONTROL
Campo de control CO-MdFUSB
005 - FECHA Y HORA DE LA ULTIMA TRANSACCIÓN
control field 20240710122405.0
008 - ELEMENTOS DE LONGITUD FIJA -- INFORMACIÓN GENERAL
Campo fijo de descripción fija -- Información general 240710t1988 sz ||||| |||| 00| 0 eng d
040 ## - FUENTE DE CATALOGACIÓN
Idioma de catalogación spa
Agencia que realiza la transcripción CO-MdFUSB
Agencia que realiza la modificación CO-MdFUSB
041 ## - CÓDIGO DE IDIOMA
Código de idioma para texto/pista de sonido o título separado eng
100 ## - ASIENTO PRINCIPAL--NOMBRE PERSONAL
Nombre personal Mendonça, Antônio Gouvêa,
Fechas asociadas con el nombre 1922-
Término relacionador autor
245 ## - TÍTULO
Título Christology and ecclesiology in a world of oppression
Mención de responsabilidad / Antonio Gouvêa Mendonça
520 ## - NOTA DE RESUMEN, ETC.
Nota de sumario, etc. El objetivo de este artículo es mostrar que la crisis eclesiológica - en las iglesias de Brasil es el resultado tanto del alejamiento de la tradición teológica que pesa sobre las iglesias -una tradición recibida de diferentes contextos sociales- como de la presión constante que las organizaciones eclesiales internacionales continúan ejerciendo sobre ellas. Incluso sin que tengamos que examinarla (la crisis) más profundamente para comprenderla, la crisis eclesiológica se puede ver en el relativo estancamiento numérico, o incluso en algunos casos en la disminución de la membresía y la participación de la iglesia en comparación con el crecimiento de la iglesia de la población y en el creciente alejamiento de las iglesias de la sociedad en este momento de profundo cuestionamiento.
546 ## - NOTA DE IDIOMA
Nota de idioma Texto en inglés.
650 #7 - ASIENTO SECUNDARIO DE MATERIA - TERMINO TEMÁTICO
Término temático o nombre geográfico como elemento de entrada Teología dogmática
9 (RLIN) 6937
650 #7 - ASIENTO SECUNDARIO DE MATERIA - TERMINO TEMÁTICO
Término temático o nombre geográfico como elemento de entrada Iglesia
9 (RLIN) 655
650 #7 - ASIENTO SECUNDARIO DE MATERIA - TERMINO TEMÁTICO
Término temático o nombre geográfico como elemento de entrada Cristología
9 (RLIN) 239
650 #0 - ASIENTO SECUNDARIO DE MATERIA - TERMINO TEMÁTICO
Término temático o nombre geográfico como elemento de entrada Reforma de la iglesia
9 (RLIN) 958
773 0# - ASIENTO DE ITEM FUENTE
Biblionumber 49396
Itemnumber 82824
Lugar, editorial y fecha de publicación Ginebra
Otro identificador del ítem R2676
Título Reformed World
Número de control del registro (CO-MdFUSB)38
Número Internacional Normalizado para Publicaciones Seriadas (ISSN) 0034-3056
Parte(s) relacionada(s) / Volumen., número. (mes año), páginas Volumen 40, (número 1, 1988) páginas: 867 - 883
Enumeración y primera página página: 867
942 ## - TIPO DE MATERIAL (KOHA)
Tipo de Item KOHA Artículos de Revista
945 ## - INFORMACIÓN LOCAL DEL REGISTRO
Catalogador Catherine Arias Álvarez - Practicante SENA

No hay ítems disponibles.

Biblioteca FUSBC | Teléfono: (57+4) 349 88 10 Ext. 141| WhatsApp (+57) 3005338115 
E-mail: biblioteca@unisbc.edu.co | Calle 76 87-14 Robledo Palenque, Medellín, Colombia

Con tecnología Koha